| 000 | 00428cam a2200193 4500 | ||
|---|---|---|---|
| 001 | D9979 | ||
| 008 | 090401t1982 xxu||||| |||| 00| 0 eng d | ||
| 035 | _a(Sirsi) u23741 | ||
| 041 | _aeng | ||
| 050 | _a692.5 | ||
| 100 | _aWood, R.D. | ||
| 245 | _aPrinciples of estimating | ||
| 250 | _a6th | ||
| 260 |
_aLondon _bEstates Gazette _c1982 |
||
| 300 | _axi. 364p. 22cm | ||
| 350 | _a15 | ||
| 942 | _n0 | ||
| 948 | _c04/03/1997 | ||
| 999 |
_c88442 _d88442 |
||